000 00283nam a2200121Ia 4500
008 190216s9999||||xx |||||||||||||| ||und||
100 _aUsha Iyangar
245 0 _aHindi-Firdausi Ki Kahaniyam
260 _bKing`S Books Delhi
_c2008
300 _a166
650 _aHindi
942 _cBK
999 _c16572
_d16572